000 00274nam a2200109Ia 4500
008 230907s9999||||xx |||||||||||||| ||und||
082 _a155.937
_bDYI
245 0 _aDying, death, and bereavement /
260 _aMcGraw-Hill Education,
_c2017
300 _a155 p.
942 _cBK
999 _c600875
_d600875